Statistics for Broadway Show by Song

Click here to take the quiz!

General Stats

  • This quiz has been taken 60 times
  • The average score is 12 of 24

Answer Stats

SongMusical% Correct
Seize the Daynewsies
85%
one jump aheadaladdin
83%
dancing through lifewicked
81%
what'd I misshamilton
77%
Waving through a Windowdear evan hansen
73%
Everyone's a little bit racistavenue q
69%
Apex Predatormean girls
69%
La Vie Bohemerent
65%
You and Me (But Mostly Me)the book of mormon
65%
a very nice princeinto the woods
60%
chip on my shoulderlegally blonde
56%
Four Jews in a Room Bitchingfalsettos
54%
impossiblecinderella
50%
Super Troupermama mia
46%
dance: ten; looks: threechorus line
42%
red & blackles miserables
42%
I love you like a tablewaitress
38%
wells fargo wagonmusic man
31%
Raise a little hellbonnie and clyde
25%
the world abovethe little mermaid
23%
Blankets and Beddingcome from away
15%
Every Movie's a Circussunset boulevard
8%
Four Days Homein transit
4%
School Songmatlida
2%

Score Distribution

Percentile by Number Answered

Percent of People with Each Score

Your Score History

You have not taken this quiz